ბათუმის შოთა რუსთაველის სახელმწიფო უნივერსიტეტის ბიბლიოთეკა

ქართლი გაქრისტიანების გზაზე: (ბიბ.ჩანაწერი № 60259)

000 -ლიდერი
ფიქსირებული სიგრძის საკონტროლო ველი 01714nam a22002777a 4500
003 - საკონტროლო ნომრის იდენტიფიკატორი
საკონტროლო ველი Ge_BSU
005 - ბოლო ოპერაციის თარიღი და დრო
საკონტროლო ველი 20230622154235.0
008 - ფიქსირებული სიგრძის მონაცემთა ელემენტები - ზოგადი ინფორმაცია
ფიქსირებული სიგრძის საკონტროლო ველი 230622s2009 ge ||||| |||| 00| 0 geo d
020 ## - წიგნის საერთაშორისო სტანდარტული ნომერი
International Standard Book Number 9789941014307
041 ## - ენის კოდი
Language code of text/sound track or separate title geo
080 ## - უნივერსალური ათობითი კლასიფიკაციის ინდექსი
Universal Decimal Classification number 27-9(479.22) კ-49
100 ## - მთავარი ჩანაწერი - პიროვნების სახელი
Personal name კიკნაძე, ზურაბ
9 (RLIN) 18899
245 ## - ცნობა სათაურის შესახებ
Title ქართლი გაქრისტიანების გზაზე:
Remainder of title ადამიანები და სიწმიდეები = Georgia on its way to christianization: human abd holiness /
Statement of responsibility, etc ზურაბ კიკნაძე ; [წინასიტყვ.: ლელა პატარიძე [და სხვ.]].
264 ## - წარმოების, გამოცემის, დისტრიბუციის და სხვა ცნობები
გამოცემის, წარმოების, დისტრიბუციის... ადგილი თბ. :
გამოცემის, წარმოების, დისტრიბუციის... სახელწოდება კავკასიური სახლი,
გამოცემის, წარმოების, დისტრიბუციის... თარიღი 2009.
300 ## - ფიზიკური აღწერა
Extent 210 გვ. ;
Other physical details 20 სმ.
490 ## - სერიის ცნობა
Series statement ქართული ერთობა და მისი იდენტობა : იდეები, სიმბოლოები, პერცეფცები ; 2
500 ## - ზოგადი შენიშვნა
General note ეძღვნ. ლელა პატარიძის ხსოვნას.
501 ## - შენიშვნა თანმხლებ მასალაზე
With note საძიებლები: გვ. 208-210.
504 ## - BIBLIOGRAPHY, ETC. NOTE
Bibliography, etc ბიბლიოგრ.: გვ. 178-185.
520 ## - SUMMARY, ETC.
Summary, etc რეზ. ინგლ. ენაზე
653 ## - INDEX TERM--UNCONTROLLED
Uncontrolled term ქრისტიანობის ისტორია საქართველოში
700 ## - ADDED ENTRY--PERSONAL NAME
Personal name პატარიძე, ლელა
Relator term წინასიტყვა.
9 (RLIN) 18900
700 ## - ADDED ENTRY--PERSONAL NAME
Personal name კიკნაძე, ზურაბ
Relator term წინასიტყვაობა
9 (RLIN) 18899
700 ## - ADDED ENTRY--PERSONAL NAME
Personal name ჩხარტიშვილი, მარიამ
Relator term წინასიტყვაობა
9 (RLIN) 13522
942 ## - ADDED ENTRY ELEMENTS (KOHA)
Source of classification or shelving scheme
Koha item type წიგნი
ეგზემპლარები
ჩამოწერის სტატუსი დაკარგული ეგზემპლარის სტატუსი კლასიფიკაციის წყარო ან თაროზე გაწყობის სქემა დაზიანების სტატუსი არ გაიცემა მუდმივი მდებარეობა (დაცვის ადგილი) ამჟამინდელი ადგილსამყოფელი თაროზე განთავსების ადგილი შეძენის თარიღი ღირებულება, შესყიდვის ნორმალური ფასი სრული შენახვის შიფრი შტრიხკოდი ბოლო ოპერაციის თარიღი ეგზემპლარის მიმდევრობითი ნომერი (კეტერი?) Uniform Resource Identifier ფასის ძალაში შესვლის თარიღი ეგზემპლარის სახეობა საჯარო შენიშვნა
          ბათუმის შოთა რუსთაველის სახელმწიფო უნივერსიტეტის მთავარი ბიბლიოთეკა ბათუმის შოთა რუსთაველის სახელმწიფო უნივერსიტეტის მთავარი ბიბლიოთეკა წიგნსაცავი 2023-06-22 5.00 27-9(479.22) კ-49 64777 2023-06-22 64777 ბსუ-ს საპატიო დოქტორის გურამ ლორთქიფანიძის საჩუქარი 2023-06-22 წიგნი 5 ლ.